000 00429nam a2200181Ia 4500
003 LK-CoDNM
005 20241209101621.0
008 010623t xxu||||| |||| 00| 1 eng d
040 _aLK-CoDNM
_dLK-CoDNM
_eLK-CoDNM
041 _aeng
080 _a294.32
_b[8]
100 _aHecker, Hellmuth
245 _aLives of the Disciples
260 _bWheel Publication
300 _b24p. ; 18 cm
650 _aBuddhism
942 _cBK
999 _c134930
_d134930